[Event "Budapest Spring Festival 2018"]
[Site "Budapest"]
[Date "2018.04.20"]
[Round "3"]
[White "Bryzgalin, Kirill"]
[Black "Maiorov, Nikita"]
[Result "1/2-1/2"]
[WhiteElo "2440"]
[BlackElo "2543"]
[Annotator "TA"]
[PlyCount "25"]
[EventDate "2018.??.??"]
[EventType "swiss"]
[EventCountry "HUN"]
[SourceTitle "playchess.com"]
[Source "ChessBase"]
[SourceQuality "1"]

{[%evp 15,17,15,26,-2]} 1. d4 d5 2. Nf3 Nf6 3. c4 e6 4. Nc3 Be7 5. Bf4 O-O 6. e3 b6 7. Be2 Bb7 {D37: Queen's Gambit Declined: 5 Bf4} (7... dxc4 8. Bxc4 Ba6 9. Bxa6 Nxa6 10. Qe2 Qc8 11. O-O c5 12. Nb5 Qb7 13. Bd6 Rfd8 14. Bxe7 {½-½ (14) Nakamura,H (2792)-Bruzon Batista,L (2643) Tbilisi 2017}) 8. O-O Nbd7 {LiveBook: 8 Games} 9. Ne5 {Find the theoretical novelty and annotate with similar games:} Nxe5 $146 10. Bxe5 Nd7 11. Bg3 Bh4 12. Bxh4 Qxh4 13. f4 {½-½ (37) Brisa Vega,P (1481)-Vieito Ribelles,A (1712) Valencia 2012} 1/2-1/2

[Event "Budapest Spring Festival 2018"]
[Site "Budapest"]
[Date "2018.04.20"]
[Round "3"]
[White "Gavrilescu, David"]
[Black "Kotronias, Vasilios"]
[Result "0-1"]
[WhiteElo "2436"]
[BlackElo "2509"]
[Annotator "TA"]
[PlyCount "98"]
[EventDate "2018.??.??"]
[EventType "swiss"]
[EventCountry "HUN"]
[SourceTitle "playchess.com"]
[Source "ChessBase"]
[SourceQuality "1"]

{[%evp 14,98,24,18,5,13,-18,-51,-48,-45,0,0,25,30,32,11,16,21,33,0,8,-20,-20,-22,-23,-23,-23,-11,-20,-15,-10,-22,-9,-32,0,-55,-55,-83,-53,-64,-70,-61,-60,-109,-97,-160,-162,-160,-150,-144,-147,-159,-152,-216,-209,-192,-190,-246,-243,-437,-418,-739,-720,-683,-702,-878,-845,-825,-811,-965,-931,-2014,-1931,-1824,-1744,-1588,-1663,-6357,-6216,-12850,-12843,-6621,-9921,-6621,-7174,-4602,-2277]} 1. e4 c5 2. Nf3 d6 3. Bb5+ Nd7 4. d4 cxd4 5. Qxd4 a6 6. Be2 {B51: Sicilian: Moscow Variation (3 Bb5+) without 3...Bd7} (6. Bxd7+ Bxd7 7. Nc3 e5 8. Qd3 Rc8 9. O-O Qc7 10. a4 Be7 11. Rd1 h6 12. Nd2 Nf6 13. Nf1 O-O 14. Ne3 Be6 15. a5 Rfd8 {½-½ (58) Demchenko,A (2660)-Vachier Lagrave,M (2789) Riadh 2017}) 6... e5 7. Qe3 Ngf6 8. c4 {LiveBook: 6 Games. White has an edge.} d5 $146 ({Predecessor:} 8... Be7 9. Nc3 O-O 10. O-O Nc5 11. h3 Bd7 12. Rd1 Qb8 13. b3 b5 {1-0 (53) Burg,T (2509)-Ftacnik,L (2556) Germany 2016}) 9. cxd5 {Strongly threatening 0-0.} Bc5 10. Qb3 Nxe4 11. O-O Qb6 12. Qxb6 Bxb6 13. Nbd2 Nd6 14. Nc4 Nxc4 15. Bxc4 f6 16. Nd2 Bd4 17. Ne4 Nc5 18. Nxc5 Bxc5 19. Be3 Bxe3 20. fxe3 Ke7 21. e4 Kd6 22. Bd3 Bd7 23. Kf2 h5 24. h4 ({White should play} 24. Ke3 $11) 24... Bb5 $15 25. Ke3 Rh6 26. Rf3 Rg6 27. g3 Rg4 28. Raf1 Rc8 29. Kd2 (29. Re1 $142) 29... Bxd3 $17 30. Kxd3 {[%mdl 4096] Endgame KRR-KRR} b5 31. Re3 Rc4 32. Rfe1 a5 {[%cal Ba6a5,Ba5a4][%mdl 32]} 33. a3 (33. b3 $17 {might work better.} Rd4+ 34. Kc2) 33... a4 $19 34. Kd2 {[#]} f5 $1 {[%mdl 512]} 35. exf5 Rgd4+ 36. Rd3 $2 (36. Ke2 e4 37. Kf1) 36... Kxd5 37. Ree3 (37. Rb1 $142 Ke4 38. Re1+ Kxf5 39. Rf1+ Kg4 40. Rxd4+ Rxd4+ 41. Ke3) 37... e4 {Black is clearly winning.} 38. Rxd4+ Kxd4 {KR-KR} (38... Rxd4+ $2 39. Ke2 $19) 39. g4 hxg4 40. Rg3 Ke5 41. Rg1 b4 42. h5 bxa3 43. bxa3 Kxf5 44. Rf1+ Kg5 45. Rf7 Kxh5 46. Rxg7 Kh4 47. Ke3 Kg3 48. Rg8 Rc3+ 49. Kxe4 Rxa3 {Precision: White = 33%, Black = 79%.} 0-1

[Event "Budapest Spring Festival 2018"]
[Site "Budapest"]
[Date "2018.04.20"]
[Round "3"]
[White "Toth, Ervin"]
[Black "Szabo, Marton Mihaly"]
[Result "1-0"]
[WhiteElo "2427"]
[BlackElo "2281"]
[Annotator "TA"]
[PlyCount "85"]
[EventDate "2018.??.??"]
[EventType "swiss"]
[EventCountry "HUN"]
[SourceTitle "playchess.com"]
[Source "ChessBase"]
[SourceQuality "1"]

{[%evp 20,85,0,-22,-10,-39,-17,-61,5,-18,0,0,75,32,70,16,26,0,0,0,0,0,0,0,0,0,0,-106,0,-66,-4,-10,-6,-10,0,-4,23,26,122,128,118,113,120,110,123,128,139,48,46,72,50,14,87,85,164,163,220,220,213,213,213,213,219,228,29970,29975,29978,29973]} 1. d4 Nf6 2. c4 e6 3. Nc3 Bb4 4. a3 Bxc3+ 5. bxc3 c5 6. e3 b6 7. Bd3 Bb7 8. f3 O-O 9. Ne2 Nc6 {[%cal Bb8c6,Bc6a5,Ba5b3][%mdl 32]} 10. e4 Ne8 11. Be3 {LiveBook: 10 Games} Ba6 {E28: Nimzo-Indian: Sämisch: 5...0-0 6 e3} 12. Ng3 Na5 13. Qe2 {[#]} Nd6 $146 (13... Rc8 $15) ({Predecessor:} 13... Rc8 14. dxc5 Nb3 15. Rd1 Nxc5 16. Bxc5 Rxc5 {0-1 (38) Dougherty,M (2281)-Brodsky,M (2547) Hoogeveen 2002}) 14. dxc5 $11 Ndxc4 15. Bf2 Qc7 (15... bxc5 $11 16. Bxc5 d6) 16. e5 $1 $16 b5 17. Bd4 (17. f4 $14) 17... Nb3 $11 {[#]} 18. Qe4 $1 {[%csl Gd3][%cal Re4h7][%mdl 512]} g6 $36 {[%mdl 2048] [#] Black has the initiative.} 19. Bxc4 $1 {[%mdl 512]} bxc4 (19... Nxa1 20. Ba2 $16) 20. Rd1 Nxc5 21. Bxc5 Qxc5 22. Qf4 {Threatens to win with Ne4.} Bb7 {[#]} 23. h4 (23. Nh5 $1 $11 {[%mdl 512]}) 23... Qe7 {[#]} (23... Qxa3 $17 24. Ne2 Bc6) 24. h5 ({White should try} 24. Nh5 $1 $11 {[%mdl 512]} gxh5 25. Rxd7 $1 {[%mdl 512]} Qxd7 26. Qg5+ Kh8 27. Qf6+ Kg8 28. Qg5+ Kh8 29. Qf6+ Kg8 30. Qg5+) 24... Bd5 ({Black should play} 24... Rab8 $15) 25. Nf1 g5 ({Resist} 25... Qxa3 26. Qd4 $15) 26. Qd4 f6 {With the idea ...fxe5.} 27. Ne3 fxe5 (27... Bc6 {is interesting.} 28. O-O f5 29. Nxc4 Qf7 30. Na5 Qxh5 31. Nxc6 dxc6 32. Qc4 Qh6) 28. Qxe5 Qf6 (28... Bc6 $11) 29. Qxf6 $16 ({Avoid the trap} 29. Rxd5 $2 exd5 30. Qxd5+ Kh8 $17) 29... Rxf6 30. Nxd5 exd5 31. Rxd5 {[%mdl 4096] Endgame KRR-KRR} Ra6 32. Rxg5+ Kh8 33. O-O (33. Rh4 $16) 33... Rxa3 $14 34. Rd1 Rd8 35. h6 {Threatening Rgd5.} Ra6 (35... Rxc3 $11 {remains equal.} 36. Ra5 Kg8) 36. Rh5 $16 d5 (36... Rb6 $16) 37. Rhxd5 $18 Rxd5 (37... Rg8 $142 38. Rd7 Rag6) 38. Rxd5 {[%cal Rd5d8]} Rxh6 {KR-KR} 39. Rd8+ Kg7 40. Rd7+ Kf6 41. Rxa7 {Black must now prevent Ra6+.} Kg5 $2 {[#]} (41... Rh5 $18 42. Rc7 Rb5) 42. Ra5+ $1 Kh4 43. Kh2 {Precision: White = 60%, Black = 33%.} 1-0

[Event "Budapest Spring Festival 2018"]
[Site "Budapest"]
[Date "2018.04.20"]
[Round "3"]
[White "Nguyen, Piotr"]
[Black "Korpa, Bence"]
[Result "0-1"]
[WhiteElo "2415"]
[BlackElo "2499"]
[Annotator "TA"]
[PlyCount "66"]
[EventDate "2018.??.??"]
[EventType "swiss"]
[EventCountry "HUN"]
[SourceTitle "playchess.com"]
[Source "ChessBase"]
[SourceQuality "1"]

{[%evp 22,66,3,0,4,3,4,0,10,-20,-18,-52,0,7,12,-9,-13,-32,-12,-53,-50,-41,-41,-47,-47,-90,-70,-80,-56,-57,-66,-70,-55,-72,-72,-82,0,-45,-40,-46,-44,-29992,-29993,-29995,721,-29996,-29997]} 1. c4 c5 2. g3 g6 3. Bg2 Bg7 4. Nc3 Nc6 5. Nf3 e6 6. d4 Nxd4 7. Nxd4 cxd4 8. Ne4 d5 {A37: Symmetrical English vs ...g6: 4 Bg2 Bg7 5 Nf3} 9. cxd5 (9. Qa4+ Kf8 10. Qa3+ Qe7 11. Nd6 Be5 12. Nxc8 Qxa3 13. bxa3 Rxc8 14. cxd5 exd5 15. Rb1 b6 16. Bxd5 {½-½ (31) Gordievsky,D (2622)-Van Foreest,J (2629) Wijk aan Zee 2018}) 9... exd5 10. Qa4+ Kf8 11. Nc5 Ne7 12. O-O {LiveBook: 3 Games} h6 13. Bf4 g5 14. Bd2 Bf6 15. Rac1 $146 ({Predecessor:} 15. e4 b6 16. Nd3 dxe4 17. Bxe4 {1-0 (52) Svoboda,F (2423)-Scharf,N (2099) ICCF email 2009}) 15... Kg7 16. Nb3 Qe8 (16... a5 $15) 17. Qa3 $11 Nc6 {[%cal Be7c6,Bc6e5,Be5d3][%mdl 32]} 18. Rfe1 Qd8 19. Nc5 b6 20. Qa4 Ne5 $36 {[%mdl 2048] White is under pressure.} 21. Nd3 Nxd3 22. exd3 Be6 23. Bb4 a5 24. Ba3 Rc8 25. Qb5 Rxc1 26. Rxc1 h5 27. b4 axb4 28. Qxb4 {[#]} Bf5 ({Black should try} 28... Qa8 $1 $17) 29. Rd1 Re8 30. Bb2 Qe7 31. Qxb6 $2 {[%mdl 8192] [#]} (31. Qxe7 $15 Rxe7 32. Bxd5) 31... Qe1+ $1 {[%mdl 512]} 32. Rxe1 Rxe1+ 33. Bf1 Bh3 $1 {Precision: White = 33%, Black = 67%.} 0-1

[Event "Budapest Spring Festival 2018"]
[Site "Budapest"]
[Date "2018.04.20"]
[Round "3"]
[White "Secheres, Adrian-Simion"]
[Black "Galyas, Miklos"]
[Result "0-1"]
[WhiteElo "2377"]
[BlackElo "2495"]
[Annotator "TA"]
[PlyCount "186"]
[EventDate "2018.??.??"]
[EventType "swiss"]
[EventCountry "HUN"]
[SourceTitle "playchess.com"]
[Source "ChessBase"]
[SourceQuality "1"]

{[%evp 19,186,25,43,50,56,51,55,38,44,41,59,33,45,44,47,38,44,36,47,44,58,51,56,41,60,54,56,0,37,0,0,0,0,-33,-42,-34,-36,-33,-45,-24,-18,-48,-9,-9,-6,-12,29,29,29,-65,-65,-68,-72,-69,-76,-456,-47,-291,-34,-20,-23,-252,-305,-1004,-921,-799,-675,-599,-193,-551,-8,-8,-8,-12,-10,-1091,-1089,-1080,-1051,-929,-908,-785,-784,-1404,-1328,-1430,-1095,-2266,-681,-29965,-29965,-29965,-29964,-29969,-29969,-29968,-29970,-29970,-29971,-29971,-29972,-29971,-29972,-29972,-97,-97,-97,-97,-97,-97,-97,-29967,-29968,-29969,-29969,-29972,-29966,-29973,-29974,-29987,0,-4134,-97,-97,-97,-97,-97,-97,-97,-97,-97,-97,0,-97,0,-97,-90,-90,-90,-90,-90,-90,-90,-90,-90,-90,-90,-90,-90,-90,-90,-90,-90,-90,-90,-90,-90,-90,-90,-90,-90,-90,-90,-29974,-29975,-29975,-29975,-29974,-29976]} 1. e4 c5 2. Nf3 e6 3. d4 cxd4 4. Nxd4 a6 5. c4 Nf6 6. Nc3 Qc7 7. Be2 Bb4 8. Qd3 b6 {B41: Sicilian: Kan Variation: 5 c4} (8... Nc6 9. Nxc6 dxc6 10. a3 Be7 11. f4 e5 12. Qg3 g6 13. fxe5 Nd7 14. Bf4 g5 15. Be3 Nxe5 16. Bd4 f6 {1-0 (37) Popov,I (2650)-Smirin,I (2658) Minsk 2015}) 9. f3 Bb7 10. O-O O-O {LiveBook: 4 Games. White has an edge.} 11. a3 Be7 12. Be3 d6 13. Rfc1 $146 ({Predecessor:} 13. Rac1 Nbd7 14. Rfd1 Rfe8 15. Kh1 Rac8 16. b4 Qb8 17. Qb1 Bf8 {½-½ (54) Stojanovic,D (2433)-Tosic,M (2495) Leskovac 2002}) 13... Nbd7 {[%cal Bb8d7,Bd7c5,Bc5b3][%mdl 32]} 14. Qd2 Rac8 15. a4 a5 16. Rd1 Qb8 17. Ndb5 {[%cal Rb5d6]} Nc5 18. Rab1 {[%cal Rb5d6]} Rfd8 19. Bf4 {[%cal Rb5d6]} Nb3 20. Qc2 Nc5 21. Rd2 Nh5 22. Be3 Nf6 23. Qd1 (23. g3 $14) 23... Rd7 (23... d5 $5) 24. b4 axb4 25. Rxb4 Rcd8 26. Qb1 (26. Bf4 {keeps more tension.} Nh5 27. Be3 Nf6) 26... d5 $1 {[%cal Rd5e4]} 27. cxd5 exd5 28. exd5 Nxd5 29. Nxd5 Bxd5 30. Nc3 Qe5 31. Nxd5 Rxd5 32. Bf4 Rxd2 33. Bxe5 Rxe2 34. Bc3 (34. Bc7 $1 $11 Nd3 35. Rb5 (35. Bxd8 Bc5+ 36. Kh1 Nf2+ 37. Kg1 Nd3+ 38. Kh1 Nf2+ 39. Kg1 Nd3+ $11)) 34... Nd3 $1 $15 35. Rc4 ({Avoid the trap} 35. Rd4 $2 Rxd4 36. Bxd4 Re1+ 37. Qxe1 Nxe1 $19) 35... Bc5+ $40 {[%mdl 128] Black is out for blood.} 36. Rxc5 Nxc5 37. Qa1 $2 {[%mdl 8192]} (37. a5 $17 bxa5 38. Bxa5) 37... Rde8 $2 (37... Rc2 $19 38. h3 Nb3) 38. h4 $2 (38. Qd1 $15) 38... Nd3 $2 (38... Rc2 $1 $19 {White must now prevent ...Nb3.} 39. Bb4 Nb3) 39. Kh2 Rc2 40. Bxg7 $2 (40. a5 $1 $11 bxa5 41. Qa4) 40... Ree2 $1 $19 {[%cal Re2g2]} 41. Bh6 $2 (41. Kh3 Nf4+ 42. Kg4) 41... Rxg2+ 42. Kh3 {[#]} f5 $1 43. Qf1 Rh2+ 44. Kg3 Rcg2+ $2 (44... Rce2 $19 45. Bg5 Rhf2) 45. Qxg2 $11 Rxg2+ 46. Kxg2 {[%mdl 4096] Endgame White wants to play Be3. KB-KN} Nc5 47. Kf2 $2 {[%mdl 8192]} (47. Kg3 $11) 47... Nxa4 $19 48. Ke3 Kf7 49. Kd4 Ke6 50. Bg7 Nc5 51. h5 Nd7 52. h6 Nb8 53. Kc4 Nc6 (53... f4 $142 54. Kd4 Kf5) 54. Kb5 Ne5 55. f4 Nd3 56. Kxb6 Nxf4 57. Kc5 Ne2 58. Kc4 f4 59. Kd3 Ng3 60. Kd2 {[#]} Kf5 $1 {[%cal Rf5e4]} 61. Ke1 Kg4 $2 (61... Ke4 {mates} 62. Kf2 Nf5 63. Ke2 Ne3 64. Bf8 Ng4 65. Bb4 Nxh6 66. Bf8 Nf5 67. Bc5 h5 68. Kf2 h4 69. Bb4 Ne3 70. Be1 h3 71. Kg1 Ng4 72. Kf1 f3 73. Kg1 Ke3 74. Kh1 f2 75. Bxf2+ Nxf2+ 76. Kg1 Kf3 77. Kh2 Kg4 78. Kg1 Kg3 79. Kf1 h2 80. Ke1 h1=Q+ 81. Kd2 Qc6 82. Ke3 Qc3+ 83. Ke2 Qd3+ 84. Ke1 Qd1#) 62. Kf2 $17 Ne4+ 63. Kg2 Ng5 64. Kf2 Kf5 65. Ke2 $2 {[%mdl 8192]} (65. Bf8 $17) 65... Ke4 66. Bf8 Nf7 67. Kf2 Ne5 68. Ke2 Ng4 69. Bg7 Ne5 (69... f3+ $142 70. Kd2 Nh2 71. Ke1 Ke3 72. Kd1 f2 73. Kc2 f1=Q 74. Kb3 Qb5+ 75. Kc3 Qc5+ 76. Kb3 Nf3 77. Ka4 Qb6 78. Bf8 Nd4 79. Bb4 Qa6+ 80. Ba5 Qb5+ 81. Ka3 Qb3#) 70. Bf8 $1 $19 Kf5 $2 (70... f3+ $19 {is more deadly.} 71. Ke1 Ng4) 71. Kf2 Kg4 {...Kf5 is the strong threat.} 72. Kg2 Nd3 {Hoping for ...Kf5.} 73. Bd6 Ne1+ 74. Kf2 Nf3 75. Bf8 Ng5 76. Bg7 $1 Ne4+ 77. Kg2 $1 f3+ 78. Kf1 Kf4 79. Bd4 Ng3+ 80. Kf2 Nf5 (80... Kg4 {is more complex.} 81. Be5 Ne2 82. Ke3 Nc1 83. Bc7 Na2) 81. Bc3 Kg4 ({Of course not} 81... Nxh6 $6 82. Bd2+ Kg4 83. Bxh6 $11) 82. Bg7 Ng3 83. Be5 Ne4+ 84. Kf1 Kf5 85. Bg7 Ke6 86. Bd4 Kd5 87. Bg7 Kc4 88. Be5 Kd3 {( -> ...Ke3)} 89. Bf4 Nf6 90. Bd6 Ng4 91. Bf8 $2 {[%mdl 8192]} (91. Bf4 $17) 91... Ke4 {Black mates.} 92. Ke1 Kf4 93. Kf1 f2 {Precision: White = 44%, Black = 60%.} 0-1

[Event "Budapest Spring Festival 2018"]
[Site "Budapest"]
[Date "2018.04.20"]
[Round "3"]
[White "Szeberenyi, Adam"]
[Black "Jarmula, Lukasz"]
[Result "1/2-1/2"]
[WhiteElo "2366"]
[BlackElo "2492"]
[Annotator "TA"]
[PlyCount "39"]
[EventDate "2018.??.??"]
[EventType "swiss"]
[EventCountry "HUN"]
[SourceTitle "playchess.com"]
[Source "ChessBase"]
[SourceQuality "1"]

{[%evp 19,39,21,36,31,31,25,60,52,62,47,47,43,48,44,34,37,38,32,45,17,17,8]} 1. d4 Nf6 2. c4 e6 3. Nf3 b6 4. g3 Bb7 5. Bg2 Bb4+ 6. Bd2 Bxd2+ 7. Qxd2 O-O 8. Nc3 Ne4 9. Nxe4 Bxe4 10. O-O {E16: Queen's Indian: 4 g3 Bb7 5 Bg2 Bb4+} d5 {LiveBook: 5 Games} (10... d6 11. Qe3 Bb7 12. Rfd1 Nd7 13. d5 Re8 14. Qd2 a5 15. Nd4 Nc5 16. dxe6 fxe6 17. Bxb7 Nxb7 18. Nb5 Rf8 {0-1 (34) Duda,J (2553)-Yu,Y (2677) Wijk aan Zee 2014}) 11. Qc3 $146 ({Predecessor:} 11. Rac1 Nc6 12. Rfd1 Rc8 13. Ne1 Bxg2 14. Nxg2 Qd7 15. Nf4 Rfd8 16. cxd5 exd5 17. Nd3 f6 {½-½ (46) Cebalo,M (2407)-Tarhon,B (2285) Zalakaros 2016}) 11... Nc6 12. Rfd1 {White is slightly better.} dxc4 13. Qxc4 Qd5 14. Qxd5 Bxd5 15. Ne1 {Strongly threatening e4.} Ne7 16. Bxd5 Nxd5 17. Rac1 Rac8 18. Nd3 Rfd8 19. Ne5 Ne7 20. Nc6 {Precision: White = 64%, Black = 64%.} 1/2-1/2

[Event "Budapest Spring Festival 2018"]
[Site "Budapest"]
[Date "2018.04.20"]
[Round "3"]
[White "Vymazal, Bronislav"]
[Black "Gupta, Abhijeet"]
[Result "0-1"]
[WhiteElo "2347"]
[BlackElo "2617"]
[Annotator "TA"]
[PlyCount "64"]
[EventDate "2018.??.??"]
[EventType "swiss"]
[EventCountry "HUN"]
[SourceTitle "playchess.com"]
[Source "ChessBase"]
[SourceQuality "1"]

{[%evp 16,64,79,69,84,103,94,95,157,171,147,139,127,107,187,156,237,141,260,-264,-254,-256,-257,-266,-268,-256,-248,-250,-237,-213,-235,-215,-208,-152,-120,-135,-137,-137,-152,-157,-154,-933,-940,-968,-936,-907,-907,-907,-862,-816,-509]} 1. d4 Nf6 2. Bf4 g6 3. Nc3 Bg7 4. e4 d6 5. Qd2 O-O 6. O-O-O c6 7. Bh6 b5 8. f3 b4 {B07: Pirc Defence: Miscellaneous Systems} (8... Qa5 9. Kb1 Bxh6 10. Qxh6 Be6 11. e5 dxe5 12. dxe5 Nfd7 13. Nh3 Bxh3 14. Ne4 Rd8 15. Qxh3 Nxe5 16. Be2 Na6 17. Ng5 {1-0 (30) Motylev,A (2649)-Valdes Romero,L (2362) Berlin 2015}) 9. Nce2 {LiveBook: 5 Games} Bxh6 10. Qxh6 Qa5 {White is better.} 11. Kb1 $1 e5 $146 (11... c5 $142) ({Predecessor:} 11... Be6 12. Nc1 Rc8 13. h4 Qd8 14. Nge2 Qf8 15. Qd2 a5 16. Nf4 {1-0 (36) Efimov,I (2540)-Sarno,S (2400) Reggio Emilia 1998}) 12. g4 (12. dxe5 $6 dxe5 13. Nc1 Rd8 $11) 12... Be6 13. Nc1 Nbd7 14. Nh3 exd4 (14... Rfe8 $16) 15. Ng5 $1 $18 Ne5 (15... Kh8 $16 {was necessary.}) 16. Be2 (16. Rxd4 Qc5 $14) (16. h3 $1 $18) 16... Rab8 (16... Rfb8 $16) 17. h4 $4 {[%mdl 8192] [#]} (17. Rxd4 $6 Rfd8 $16) (17. Nb3 $18 {and all is fine.} Bxb3 18. axb3) 17... Bxa2+ $1 $19 {[%mdl 512]} 18. Nxa2 b3 19. cxb3 Rxb3 20. Nxh7 Nxh7 $40 {[%mdl 128] Black has strong attack.} 21. Qd2 Qb6 {And now ...Rb8 would win.} 22. Nc1 {[#]} Rb4 $1 ({But not} 22... Nxf3 23. Bxf3 Rxf3 24. Qxd4 $17) 23. Na2 Ra4 24. f4 d3 {aiming for ...Nc4.} 25. Bxd3 Nxd3 ({Reject} 25... Nxg4 $6 26. h5 $11) 26. Qxd3 Rb8 {[%csl Gb8][%cal Rb6b2]} 27. Rh2 Nf6 $1 {[%csl LRe4,LRg4][%cal Bh7f6,Bf6e4,Be4c3][%mdl 32]} 28. Qxd6 $2 (28. h5 $17 Nxg4 29. Rhd2) 28... Nxe4 {Black is clearly winning.} 29. Qe5 Qb3 30. Nc1 Nc3+ $1 ({Not} 30... Qxd1 31. Qxb8+ Kg7 32. Qe5+ Kh7 33. b3 $15) 31. Qxc3 Qxc3 32. Rd8+ Rxd8 {Precision: White = 61%, Black = 45%.} 0-1

[Event "Budapest Spring Festival 2018"]
[Site "Budapest"]
[Date "2018.04.20"]
[Round "3"]
[White "Sarkar, Justin"]
[Black "Papp, Gabor"]
[Result "0-1"]
[WhiteElo "2326"]
[BlackElo "2614"]
[Annotator "TA"]
[PlyCount "138"]
[EventDate "2018.??.??"]
[EventType "swiss"]
[EventCountry "HUN"]
[SourceTitle "playchess.com"]
[Source "ChessBase"]
[SourceQuality "1"]

{[%evp 19,138,30,25,24,29,25,48,56,142,135,172,175,161,24,34,34,23,0,0,0,0,0,0,0,159,0,0,0,0,0,0,0,0,0,0,0,93,93,79,75,105,0,0,0,0,0,0,0,0,-75,-80,-230,-244,-222,-231,-196,-161,-159,0,-685,-34,-613,-382,-320,-321,-253,0,0,0,0,0,0,0,0,0,0,0,0,0,0,0,0,0,0,0,0,0,0,0,0,0,0,0,0,0,0,0,0,0,0,0,0,0,0,0,0,0,0,0,0,0,0,0,-8,-8,-29975,-29975,-29975,-29976,-29983,-29984]} 1. d4 Nf6 2. c4 c5 3. d5 b5 4. cxb5 a6 5. bxa6 g6 6. Nc3 {A58: Benko/Volga Gambit: Lines with 5 bxa6} Bg7 7. e4 (7. Nf3 O-O 8. g3 d6 9. Bg2 Nxa6 10. O-O Bf5 11. Nh4 Bd7 12. b3 Qb6 13. Bd2 Rfb8 14. Re1 Nc7 15. Qc2 Ra3 16. Qc1 Qa7 17. e4 Ng4 18. h3 {0-1 (38) Li,C (2732)-Shankland,S (2671) Liaocheng 2018}) 7... O-O 8. Be2 Qa5 9. Bd2 Bxa6 10. e5 Ne8 $1 {LiveBook: 14 Games} 11. Nf3 d6 12. e6 fxe6 13. Ng5 $1 Nc7 (13... Bd4 $14) 14. Nb5 $146 (14. Nxe6 Nxe6 15. dxe6 Qb4 $15) (14. dxe6 Bxe2 15. Nxe2 Qb5 $15) 14... Qxb5 15. Bxb5 Bxb5 16. Qb3 (16. dxe6 Bxb2 17. Rb1 Bd4 $14) (16. a4 $18 Bc4 17. Rc1 Bxd5 18. b4) 16... exd5 $11 17. Ne6 Nxe6 18. Qxd5 Nc6 19. Qxe6+ Kh8 20. Bc3 Bxc3+ $1 21. bxc3 Ra3 $2 ({Black should try} 21... Ne5 $11 22. f3 (22. Qxe7 Rae8 $17) 22... Bc4) 22. Rb1 $2 (22. Qe4 $16) 22... Rxc3 {White should prevent ...Nd4.} 23. Rxb5 Rc1+ 24. Kd2 Rxh1 25. f4 Rxh2 26. Qd5 Nd4 27. Rb7 Rh5 (27... Nf5 $11) 28. Qe4 $16 {[%mdl 1024] White has strong compensation.} e6 29. a4 $1 Rd5 30. a5 ({Better is} 30. Ke3 $16) 30... Ra8 $11 31. g4 Rxa5 32. Rb8+ Kg7 33. Rb7+ Kf8 34. Rb8+ (34. Qb1 $1 $11 {remains equal.}) 34... Ke7 $1 $17 35. Qb1 (35. Ke1 $17) 35... Rb5 $1 $19 {[%cal Rb5b8]} ({Don't play} 35... Nc6+ 36. Ke2) 36. Rxb5 Nxb5+ {[%mdl 4096] Endgame KQ-KRN} 37. Ke3 c4 38. Qh1 h5 $2 {[#]} (38... c3 $1 $17 {[%cal Rc3c2]} 39. Qxh7+ Kd8 40. Qg8+ (40. Qxg6 Nd4 $11) 40... Kd7 41. Qxg6 Nd4) 39. Qe4 $2 {[%mdl 8192]} (39. f5 $1 $11 {[%mdl 512]}) 39... hxg4 $2 (39... c3 $19 40. Qxg6 hxg4 41. Qxg4 Rc5 42. Qg7+ Kd8 43. Qg8+ Kc7 44. Qh7+ Kb6) 40. Qxg6 $2 {[%mdl 8192]} (40. Qxc4 $15 Rc5 41. Qe4) 40... Rd3+ 41. Kf2 {And now Qg5+ would win.} g3+ 42. Kg2 {[#] Hoping for Qg5+.} Nc7 $2 (42... Nd4 $1 $19 {White must now prevent ...Kd7.} 43. Qh7+ Ke8) 43. f5 $11 exf5 44. Qg7+ Kd8 {aiming for ...Nd5.} 45. Qg8+ Kd7 46. Qf7+ $1 Kc8 {...Nd5 is the strong threat.} 47. Qxc4 Rd5 48. Kxg3 Kd7 49. Kf3 Rc5 50. Qf7+ Kc6 51. Kf4 Rd5 52. Kg5 Kb6 53. Qd7 Nb5 54. Kf4 Kc5 55. Qg7 Re5 56. Qd7 Kb4 57. Qd8 Rc5 58. Qd7 Kc3 59. Qd8 Kb4 60. Qd7 Rd5 61. Qc6 Nc3 62. Qb6+ Kc4 63. Qc6+ Kb3 64. Qb6+ Kc2 65. Qf2+ Rd2 66. Qa7 d5 {[%cal Bd6d5,Bd5d4,Bd4d3][%mdl 32] Strongly threatening ...d4.} 67. Qc5 $2 {[%mdl 8192]} ({Don't blunder} 67. Kxf5 $2 d4 $19) (67. Ke5 $11) 67... d4 {Black mates.} 68. Qxf5+ d3 69. Kf3 Re2 {Precision: White = 53%, Black = 67%.} 0-1

[Event "Budapest Spring Festival 2018"]
[Site "Budapest"]
[Date "2018.04.20"]
[Round "3"]
[White "Chylewski, Patryk"]
[Black "Ivanisevic, Ivan"]
[Result "1/2-1/2"]
[WhiteElo "2322"]
[BlackElo "2562"]
[Annotator "TA"]
[PlyCount "98"]
[EventDate "2018.??.??"]
[EventType "swiss"]
[EventCountry "HUN"]
[SourceTitle "playchess.com"]
[Source "ChessBase"]
[SourceQuality "1"]

{[%evp 25,98,1,2,0,0,-6,25,8,15,13,12,8,15,14,28,23,27,0,0,0,6,0,6,0,0,0,0,0,0,0,0,0,8,27,38,2,6,0,10,0,0,0,0,0,0,0,0,0,0,0,0,0,0,0,0,0,0,0,0,0,0,0,0,0,0,0,0,0,0,0,0,0,0,0,0]} 1. d4 Nf6 2. c4 c5 3. d5 g6 4. Nc3 Bg7 5. e4 O-O 6. Nf3 e6 7. Be2 d6 8. O-O Re8 9. dxe6 Bxe6 10. Bf4 Bg4 {E91: King's Indian: Classical: 6 Be2, unusual replies including 6...c5 and 6...Bg4} 11. Bxd6 Nxe4 12. Nxe4 Rxe4 13. Bxc5 Nc6 {[#] LiveBook: 3 Games} 14. Qxd8+ $146 ({Predecessor:} 14. Be3 Qe7 15. Qb3 a5 16. Rad1 a4 17. Qa3 Qxa3 18. bxa3 {½-½ (58) Morgado,J (2612)-Neagu,L (2557) ICCF email 2013}) 14... Rxd8 15. Be3 Bh6 16. Rfd1 Rxd1+ 17. Rxd1 Bxe3 18. fxe3 Rxe3 19. Kf2 Re8 (19... Re4 {feels hotter.} 20. b3 Re7 21. h3 Bf5 22. g4 Bd7) 20. h3 Be6 21. Nd4 Nxd4 22. Rxd4 $11 {[%mdl 4096] Endgame KRB-KRB} Rc8 23. b3 Kf8 24. Ke3 Ke7 25. Bf3 b6 26. Bd5 f5 27. Bxe6 Kxe6 {KR-KR} 28. Rd5 g5 29. Kd4 h6 30. Re5+ Kf6 {The position is equal.} 31. Rd5 g4 32. h4 Rc6 33. b4 Re6 34. c5 f4 {[#] White must now prevent ...f3.} 35. Rd6 bxc5+ 36. bxc5 Rxd6+ 37. cxd6 {KP-KP} Ke6 38. Ke4 f3 $1 {[%cal Rf3g2]} ({Avoid the trap} 38... Kxd6 $2 39. Kxf4 Ke7 40. Kxg4 $18) 39. gxf3 g3 40. Ke3 Kxd6 {[#] And now ...Ke5 would win. K3P-K3P} 41. f4 {Strongly threatening h5.} Kd5 {...g2 is the strong threat.} (41... g2 $5 42. Kf2 $8 Kd5 43. Kxg2 Ke4 $11) 42. Kf3 h5 43. Kxg3 {aiming for Kf3. K3P-KPP} Ke4 44. a3 a6 (44... a5 $5) 45. a4 {Hoping for a5.} a5 46. f5 Kxf5 47. Kf3 Ke5 48. Ke3 Kf5 49. Kf3 Ke5 {Precision: White = 69%, Black = 73%.} 1/2-1/2